000 004120000a22001690004500
003 LK-CoMWRAF
008 230817t ||||| |||| 00| 0 eng d
040 _aLK-CoMWRAF
_dLK-CoMWRAF
_eLK-CoMWRAF
041 _aeng
082 _a022
_bKAR
100 _aKrunakaramoorthi, P
245 _aKilakku Norkki Sila Mekankal
_b
260 _aMadras
_bSneka
_c1996
300 _ap.131
650 _aliterature
942 _cBK
999 _c2872
_d2872